Tình huống hành chính và các giải pháp

Guardat en:
Dades bibliogràfiques
Autor principal: BÙI ĐỨC KHÁNG
Format: Llibre
Idioma:Undetermined
Publicat: Tp. HCM ĐHQG 2000
Matèries:
Etiquetes: Afegir etiqueta
Sense etiquetes, Sigues el primer a etiquetar aquest registre!
Thư viện lưu trữ: Trung tâm Học liệu Trường Đại học Cần Thơ
LEADER 00500nam a2200169Ia 4500
001 CTU_47651
008 210402s9999 xx 000 0 und d
082 |a 352.509597 
082 |b Kh106 
100 |a BÙI ĐỨC KHÁNG 
245 0 |a Tình huống hành chính và các giải pháp 
245 0 |c BÙI ĐỨC KHÁNG 
260 |a Tp. HCM 
260 |b ĐHQG 
260 |c 2000 
650 |a public administration - viet nam 
980 |a Trung tâm Học liệu Trường Đại học Cần Thơ